Geometría : para primer año de escuelas comerciales /

Guardado en:
Autor Principal: Rey, Pastor J
Formato: Libro
Publicado: Buenos Aires : Espasa-calpe, 1940
Materias:
Etiquetas: Agregar Etiqueta
Sin Etiquetas, Sea el primero en etiquetar este registro!
LEADER 00819nam a22001935a 4500
001 CEM.cems005423
005 20060220000000.0
008 130507s1940##################000#0#####d
003 CEMS
082 0 4 |a 513 
100 1 |a Rey, Pastor J 
245 1 0 |a Geometría :  |b para primer año de escuelas comerciales / 
260 |a Buenos Aires :  |b Espasa-calpe,  |c 1940 
300 |a 156 p. 
505 0 |a Entes geometricos fundamentales; Segmentos; Angulos; Rectas perpendiculares; Rectas paralelas; Angulos; Circunferencia; Criterios de igualdad de triangulos; Alturas, medianas, bisectrices y mediatrices de un triangulo; Poligonos convexos; Simetria central y axial; Paralelogramos y trapecios 
653 |a Geometria 1er. año 
653 |a Matematica 
653 |a Trapecio 
859 |a CEMS  |b BIB. CEMS - 11 de abril  |h 513  |i R33/I  |p 2852.74  |t Ej.1